000
00331 a2200157 4500
001
192540
020
_a
0-521-67480-8
040
_c
Magnum
100
_a
Brown, Richard
240
1
0
_a
Snow in the kitchen
_l
por
245
1
0
_a
Snow in the kitchen
300
_a
32
362
0
_a
2005
697
_a
LITERATURA INGLESA
942
_c
BK
999
_c
192540
_d
192540